Top 10 Countries by Gun-Related Death Rate - Statistics

General Stats
  • This quiz has been taken 2,554 times
  • The average score is 6 of 10
Answer Stats
Hint Answer % Correct
11.07 Mexico
88%
19.02 Brazil
80%
11.10 Colombia
74%
46.70 Honduras
64%
41.11 El Salvador
63%
38.52 Guatemala
58%
10.92 Panama
51%
18.5 South Africa
46%
47.44 Jamaica
36%
37.16 Swaziland
4%
No matching quizzes found
Score Distribution
Percent of People with Each Score
Percentile by Number Answered
Your Score History
You have not taken this quiz